000 00851nam a2200241 i 4500
003 DO-SdBNP
005 20250610134127.0
007 ta
008 250610t200u dr bo 000 0 spa d
040 _aDO-SdBNP
_bspa
_cBNPHU
_erda
082 _axxxx
_bA188
_222
110 1 _aOficina de Cooperación Internacional (AECID)
_988034
245 1 0 _aActa de la VII reunión de la comisión mixta hispano-dominicana de cooperación /
264 _a[Santo Domingo] :
_bAECID,
_bEmbajada de España en República Dominicana,
_c[2009].
300 _a51 páginas
_bmapas, fotografías
_c31 cm.
336 _atexto
_btxt
_2rdacontent
337 _asin mediación
_bn
_2rdamedia
338 _avolumen
_bnc
_2rdacarrier
590 _aInventariado, 2025/ YL
710 1 _aEmbajada de España en República Dominicana
_988035
910 _aYLockward
942 _2ddc
_cLBS1
999 _c59203
_d59203